| 000 | 00888nam a2200277 i 4500 | ||
|---|---|---|---|
| 001 | bg | ||
| 100 | 1 | _aAugustynek, Andrzej. | |
| 245 | 1 | 0 |
_aWstęp do psychologii / _cAndrzej Augustynek. |
| 260 |
_aWarszawa : _bCentrum Doradztwa i Informacji Difin, _c2009. |
||
| 300 |
_a243 s. : _bil. ; _c23 cm. |
||
| 500 | _aWyd. 1 pt. Psychologia : jak ślimak piął się w górę. | ||
| 504 | _aBibliogr. przy rozdz. | ||
| 521 | 8 | _aDla studentów kierunków mających w programie psychologię. | |
| 650 | 9 | _aPsychologia | |
| 655 | _aPodręczniki akademickie | ||
| 015 | _aPB 6931/2009 | ||
| 020 | _a9788372519924 | ||
| 040 | _cBPK | ||
| 041 | _apol | ||
| 044 | _aPOL | ||
| 080 | _a159.9(075.8) | ||
| 920 | _a978-83-7251-992-4 | ||
| 942 | _cKS | ||
| 008 | 090722s2009 pl a f f |000 0 pol | ||
| 999 |
_c56544 _d56544 |
||
| 856 |
_uhttp://koha.tu.koszalin.pl/cgi-bin/koha/opac-detail.pl?biblionumber=56544 _yKatalog online BPK |
||